Lanza tu propia empresa con éxito
| Main Author: | |
|---|---|
| Format: | Section = Libro |
| Language: | Undetermined Spanish |
| Published: |
España
[s.e.]
2005
|
| Subjects: |
| LEADER | 00545nam a2200217Ia 4500 | ||
|---|---|---|---|
| 008 | 240830s9999 xx 000 0 und d | ||
| 020 | |a 84-9763-197-8 | ||
| 040 | |a B-ESTELÍ- RUACS / 658.11 S652 | ||
| 041 | |a spa | ||
| 082 | |a 658.11 S652 | ||
| 100 | 1 | |a Smith, Jon | |
| 245 | 1 | 0 | |a Lanza tu propia empresa con éxito |
| 260 | |a España |b [s.e.] |c 2005 | ||
| 300 | |a 238 p. | ||
| 650 | 7 | |a NUEVAS EMPRESAS | |
| 650 | 7 | |b NEGOCIOS | |
| 650 | 7 | |c ÉXITO EN LOS NEGOCIOS | |
| 650 | 7 | |d EMPRENDEDORES. | |
| 942 | |c BK |2 ddc | ||
| 991 | |a TEXTO | ||
| 999 | |c 11442 | ||